000 00739nam a22002057i 4500
999 _c22983
_d22983
003 AR-CdUCM
008 240812b20222022 pe||||| |||| 00| 0 spa d
040 _aMUNICIPALIDAD PROVINCIAL DEL CUSCO
_cBIBLIOTECA MUNICIPAL DEL CUSCO
082 _aEP / 869.57038 / Y91P
_bY91P
100 _aCentro Yanapanakusun.
_950179
245 _aPaqarichisqanchis :
_bLo que creamos y producimos /
260 _aCusco :
_c2022
300 _a93 pƔginas. :
_bIlustraciones a color,
_c21 cm.
505 _aEl cuy pepito -- Los conejos y el perro -- La rana nena -- La carrera
650 _aCompilación de cuentos infantiles
_950180
650 _aLiteratura Infantil
_9588
650 _aCuentos
_950181
942 _2ddc
_cLIBROS
945 _apbj
_d2024-08-12